Il corpo e sette racconti /

সংরক্ষণ করুন:
গ্রন্থ-পঞ্জীর বিবরন
প্রধান লেখক: Kureishi, Hanif (লেখক)
অন্যান্য লেখক: Cotroneo, Ivan, Latronico, Vincenzo
বিন্যাস: গ্রন্থ
ভাষা:ইতালিয়
প্রকাশিত: Milano : Romanzo Bompiani, 2003
মালা:Narratori stranieri Bompiani
ট্যাগগুলো: ট্যাগ যুক্ত করুন
কোনো ট্যাগ নেই, প্রথমজন হিসাবে ট্যাগ করুন!

MARC

LEADER 00000nam a22000007i 4500
001 IT\ICCU\RAV\1113684
003 ItRI
005 20260115231913.0
008 030623s2003 it |||||| ||||| |||||c
020 |a 884525433X 
040 |b ita  |c importazione bologna sebina 
041 7 |a ita  |2 ISO-639-2 
100 1 |a Kureishi, Hanif  |0 IT\ICCU\CFIV\108235  |4 aut 
240 1 4 |a The body  |3 IT\ICCU\RAV\1138721  |9 Kureishi, Hanif 
245 1 3 |a Il corpo e sette racconti /  |c Hanif Kureishi ; traduzioni di Ivan Cotroneo e di Vincenzo Latronico. 
246 1 3 |a Il corpo  |9 IT\ICCU\LO1\0762456 
260 |a Milano :  |b Romanzo Bompiani,  |c 2003 
300 |a 335 p. ;  |c 21 cm. 
700 1 |a Cotroneo, Ivan  |0 IT\ICCU\RAVV\092620 
700 1 |a Latronico, Vincenzo  |0 IT\ICCU\RAVV\297482 
830 0 |a Narratori stranieri Bompiani  |0 IT\ICCU\VIA\0077115 
942 |2 ddc  |c BK  |n 0 
952 |0 0  |1 0  |4 0  |6 DOC_823_914000000000000_KUR  |7 0  |9 15989  |a BO  |b BO  |d 2026-01-15  |i 16480  |l 0  |o DOC 823.914 KUR  |p BO16480  |r 2026-01-15 23:19:13  |w 2026-01-15  |x [Sebina 5] [1 v.]  |y BK  |z 1 v. 
999 |c 13745  |d 13745